000 00530nam a2200169Ia 4500
001 25919
003 IN-NITTTR
005 20251114233327.0
008 251113s9999||||xx |||||||||||||| ||eng||
040 _beng
040 _cIN-NITTTR
041 _aeng
082 _a371.144 S136S
100 _aShah, Fatima
245 2 _aA study of competencies of question paper setters for setting question papers and marking answer scripts of diploma examinations for polytechnics of Jammu & Kashmir state /
_cShah, Fatima
942 _2ddc
_cBK
999 _c28548
_d28548